Statistics for Weird Animals Picture Quiz

Click here to take the quiz!

General Stats

  • This quiz has been taken 83 times
  • The average score is 7 of 12

Answer Stats

Answer% Correct
Armadillo
82%
Platypus
81%
Tapir
70%
Blobfish
69%
Anglerfish
67%
Axolotl
66%
Mola Mola
64%
Tardigrade
58%
Aye-Aye
49%
Mantis Shrimp
42%
Giant Walking Stick
30%
Atretochoana
9%

Score Distribution

Percentile by Number Answered

Percent of People with Each Score

Your Score History

You have not taken this quiz